| 000 | 00745nam a22002297a 4500 | ||
|---|---|---|---|
| 999 |
_c17658 _d17658 |
||
| 003 | AR-CdUCM | ||
| 008 | 190509b ||||| |||| 00| 0 spa d | ||
| 040 |
_aMUNICIPALIDAD PROVINCIAL DEL CUSCO _cBIBLIOTECA MUNICIPAL DEL CUSCO |
||
| 041 | _hge | ||
| 082 |
_a129.35 / _bH333 |
||
| 100 |
_aHartmann, Nicolai _937795 |
||
| 245 |
_aOntología : _bII. posibilidad y efectividad / |
||
| 260 |
_aMéxico : _bFondo de Cultura Económica, _c1956. |
||
| 300 |
_a565 páginas ; _c23 cm. |
||
| 440 |
_aSección de obras de filosofía _931716 |
||
| 505 | _aContenido: La modalidad del ser real. | ||
| 650 |
_aOntología _915047 |
||
| 650 |
_aMetafísica _92817 |
||
| 650 |
_aCiencias sociales _91096 |
||
| 942 |
_2ddc _cLIBROS |
||
| 945 |
_adavv _d2019-05-09 |
||